| 000 | 00795nam a22001937a 4500 | ||
|---|---|---|---|
| 005 | 20140409112912.0 | ||
| 010 | _aENG-109628-630 | ||
| 020 |
_c3295.00 (set of 3 vols.) _a9789350354247 |
||
| 035 | _aEN-93161-163 | ||
| 037 | _bDBAD/PUB | ||
| 082 | _a346.54048 | ||
| 100 | _aRaghbir Singh | ||
| 245 |
_aLaw relating to intellectual property : _cby Raghbir Singh _ba complete comprehensive material on intellectual property covering acts, rules, conventions, treaties, agreements, digest of cases and much more.... / |
||
| 250 | _a3rd ed | ||
| 260 |
_bUniversal Law Publishing _c2014 _aDelhi |
||
| 270 |
_bDelhi _e110033 _aA-58, G.T. Karnal Road Industrial Area |
||
| 300 |
_a3V.(viii,933p.; viii,935-1887p. ; lvii,911p.) _c24cm(Hb) |
||
| 942 |
_2ddc _cEN _mRAG _h346.54048 |
||
| 999 |
_c83196 _d83196 |
||